[Event "Michigan Invitational"]
[Site "Ann Arbor, MI"]
[Date "1997.??.??"]
[Round "4"]
[White "Noren, Kevin"]
[Black "Rajlich, Vasik"]
[Result "1/2-1/2"]
[WhiteElo "2290"]
[BlackElo "2215"]
[PlyCount "93"]
[EventDate "1997.??.??"]

1. Nf3 Nf6 2. b3 g6 3. Bb2 Bg7 4. c4 O-O 5. g3 b6 6. Bg2 Bb7 7. O-O c5 8. d4
cxd4 9. Nxd4 Bxg2 10. Kxg2 Qc7 11. Nc3 Nc6 12. f3 Rac8 13. e4 Rfd8 14. Rb1 h5
15. Nc2 Na5 16. e5 Qxe5 17. Nd5 Qd6 18. Ba3 Rc5 19. Nxf6+ Bxf6 20. Qxd6 exd6
21. Bxc5 dxc5 22. Ne3 Re8 23. Nd5 Bd8 24. Rfe1 Rxe1 25. Rxe1 Kf8 26. Kf2 Nc6
27. Rd1 Nd4 28. Ke3 d6 29. Rb1 Ke8 30. Rb2 Kd7 31. a3 Kc6 32. f4 b5 33. Kd3 a6
34. Rb1 Nf3 35. h3 Kd7 36. Ke3 Nd4 37. Rb2 Kc6 38. g4 hxg4 39. hxg4 Kd7 40. Kd3
Kc6 41. b4 Nf3 42. g5 Nd4 43. Rh2 Nf3 44. Rh8 bxc4+ 45. Kxc4 Bxg5 46. fxg5 Ne5+
47. Kc3 1/2-1/2

[Event "Lansing (MOR/1a23)"]
[Site "?"]
[Date "1997.??.??"]
[Round "?"]
[White "Nixon, Peter"]
[Black "Cowans, Winston"]
[Result "1-0"]
[WhiteElo "1605"]
[BlackElo "1605"]
[PlyCount "51"]
[EventDate "1997.??.??"]

1. e4 d6 2. d4 Nf6 3. Nc3 g6 4. Nf3 Bg7 5. Bg5 O-O 6. Qd2 Bg4 7. Be2 Nc6 8. h3
Bxf3 9. Bxf3 Nd7 10. Ne2 f6 11. Bh6 e5 12. d5 Ne7 13. h4 f5 14. h5 f4 15. Bxg7
Kxg7 16. hxg6 Nxg6 17. Bh5 Qg5 18. Bxg6 Qxg6 19. f3 Qxg2 20. Rg1 Qxg1+ 21. Nxg1
Nf6 22. O-O-O Rg8 23. Nh3 Kh8 24. Rg1 Rg3 25. Rxg3 fxg3 26. Qg5 1-0

[Event "Lansing (MOR/4/13)"]
[Site "?"]
[Date "1997.??.??"]
[Round "?"]
[White "Nixon, Peter"]
[Black "Benjamin, H."]
[Result "0-1"]
[WhiteElo "1605"]
[BlackElo "1700"]
[PlyCount "54"]
[EventDate "1997.??.??"]

{4/(13)} 1. e4 e5 2. Nf3 Nf6 3. Nc3 Nc6 4. Bc4 Bc5 5. O-O d6 6. d3 Bg4 7. Be3
Bxe3 8. fxe3 Qd7 9. d4 h5 10. Qd2 a6 11. a4 h4 12. Ng5 Bh5 13. Nd5 Nxd5 14.
Bxd5 f6 15. Bxc6 Qxc6 16. d5 Qd7 17. Nf3 g5 18. Qd3 Bg6 19. Nd2 Rf8 20. Rf2 g4
21. Raf1 Qg7 22. c4 g3 23. hxg3 hxg3 24. Rf3 Bh5 25. Rf5 Qh6 26. Nf3 Bg4 27. b4
Rh8 0-1

[Event "Lansing (MOR/4/9)"]
[Site "?"]
[Date "1997.??.??"]
[Round "?"]
[White "Nicolli, Randy"]
[Black "Venia, A."]
[Result "1/2-1/2"]
[WhiteElo "1785"]
[BlackElo "1605"]
[PlyCount "42"]
[EventDate "1997.??.??"]

{4/(9)} 1. f4 e5 2. fxe5 f6 3. exf6 Nxf6 4. Nf3 d5 5. e3 Bd6 6. Be2 O-O 7. O-O
c5 8. b3 Qc7 9. Bb2 Nc6 10. Na3 a6 11. c4 Ne5 12. Nxe5 Bxe5 13. Bxe5 Qxe5 14.
cxd5 b5 15. Qc2 Bg4 16. Bd3 Qxd5 17. Rf4 Rad8 18. Bxh7+ Nxh7 19. Rxg4 Qxd2 20.
Qxd2 Rxd2 21. Re1 Rxa2 1/2-1/2

[Event "Lansing (MOR/2/2)"]
[Site "?"]
[Date "1997.??.??"]
[Round "?"]
[White "Nicolli, Randy"]
[Black "Stark, Jay"]
[Result "1/2-1/2"]
[WhiteElo "1785"]
[BlackElo "1605"]
[PlyCount "101"]
[EventDate "1997.??.??"]

{2/(2)} 1. f4 c5 2. b3 e6 3. Bb2 Nf6 4. e3 Be7 5. Nf3 Qc7 6. Be2 Nc6 7. O-O d6
8. Bb5 Bd7 9. Bxc6 Bxc6 10. d3 Nd5 11. Qe2 Bf6 12. Bxf6 Nxf6 13. Nbd2 O-O-O 14.
Rab1 Nd5 15. Ra1 h6 16. c4 Ne7 17. a3 Bxf3 18. Qxf3 Nc6 19. Rfb1 a5 20. Ne4 f5
21. Nc3 Na7 22. b4 Qc6 23. Qf2 a4 24. b5 Qb6 25. Nxa4 Qa5 26. Qc2 b6 27. d4 g6
28. Nc3 Kc7 29. d5 e5 30. fxe5 dxe5 31. Qb2 Rhe8 32. Na2 Nc8 33. Nb4 Na7 34.
Qd2 Qa4 35. Na6+ Kd6 36. Qc3 Re7 37. Rf1 Rf8 38. Qd3 Ref7 39. g4 e4 40. Qe2 Qb3
41. h3 Rf6 42. Rf4 Qc3 43. Raf1 Qxa3 44. gxf5 gxf5 45. Rxe4 fxe4 46. Rxf6+ Rxf6
47. Qh2+ Ke7 48. Qc7+ Ke8 49. Qe5+ Kf7 50. Qc7+ Kg8 51. Qg3+ 1/2-1/2

[Event "Lansing (MOR/6/8)"]
[Site "?"]
[Date "1997.??.??"]
[Round "?"]
[White "Nicolli, Randy"]
[Black "Schell, Ken"]
[Result "0-1"]
[WhiteElo "1690"]
[BlackElo "1785"]
[PlyCount "82"]
[EventDate "1997.??.??"]

{6/(8)} 1. f4 d5 2. e3 Nf6 3. b3 g6 4. Bb2 Bg7 5. Nf3 Bg4 6. Be2 O-O 7. O-O
Nbd7 8. Ne5 Bxe2 9. Qxe2 e6 10. d3 c6 11. Nd2 a5 12. a4 Re8 13. Ndf3 Qb6 14.
Ng5 Re7 15. Ba3 c5 16. Rab1 Rc8 17. d4 h6 18. dxc5 Nxc5 19. b4 axb4 20. Rxb4
Qc7 21. Rb5 b6 22. Ngf3 Ree8 23. a5 Qa7 24. Bb4 bxa5 25. Rxa5 Qb6 26. c3 Nce4
27. Ra6 Qb7 28. Qc2 Qxa6 29. Nd4 Bf8 30. Rb1 Bxb4 31. Rxb4 Qa1+ 32. Rb1 Qxc3
33. Qxc3 Rxc3 34. h3 Rxe3 35. Rb7 Nd6 36. Rb6 Nfe4 37. Kh2 Ra8 38. Ng4 Rd3 39.
Nc6 Kg7 40. Nge5 Rd2 41. Rb8 Rxb8 0-1

[Event "Kalamazoo (MI Am/3/24)"]
[Site "?"]
[Date "1997.??.??"]
[Round "?"]
[White "Neely, Richard"]
[Black "Smalec, Joseph"]
[Result "1-0"]
[WhiteElo "1605"]
[BlackElo "1605"]
[PlyCount "87"]
[EventDate "1997.??.??"]

{3/(24)} 1. d4 d5 2. e4 e6 3. Nc3 Bb4 4. Bd2 Nc6 5. Bb5 Nge7 6. Nge2 Bd7 7. a3
Bxc3 8. Bxc3 a6 9. Bd3 O-O 10. Ng3 Re8 11. Qf3 Ng6 12. O-O-O Qg5+ 13. Bd2 Qe7
14. Be3 dxe4 15. Nxe4 f5 16. Nc5 b6 17. Nxa6 Bc8 18. Qxc6 Bxa6 19. Bxa6 Rxa6
20. d5 exd5 21. Rxd5 f4 22. Bd2 Qf7 23. Rd1 Ne7 24. Qb5 Ra5 25. Bxa5 Nxd5 26.
Qxd5 bxa5 27. Qxf7+ Kxf7 28. Rd7+ Kf6 29. Rxc7 Re2 30. c4 Rxf2 31. g3 Rf1+ 32.
Kc2 Rf2+ 33. Kc3 Rf3+ 34. Kd4 fxg3 35. hxg3 Rxg3 36. Rc6+ Kf5 37. Rc5+ Kf4 38.
Rxa5 Rb3 39. Rb5 Rf3 40. c5 g5 41. c6 h5 42. c7 Rf2 43. Rc5 Rd2+ 44. Kc3 1-0

[Event "Kalamazoo (MI Am/1/37)"]
[Site "?"]
[Date "1997.??.??"]
[Round "?"]
[White "Neely, Richard"]
[Black "Helinski, S."]
[Result "1-0"]
[WhiteElo "1605"]
[BlackElo "1605"]
[PlyCount "115"]
[EventDate "1997.??.??"]

{1/(37)} 1. d4 d5 2. e4 Nf6 3. Nc3 Nc6 4. Bg5 e5 5. dxe5 Nxe5 6. exd5 Bd6 7.
Qe2 O-O 8. O-O-O h6 9. Bf4 Bg4 10. f3 Bh5 11. Bxe5 Nxd5 12. Nxd5 Re8 13. Bf6
gxf6 14. Qxe8+ Qxe8 15. Nxf6+ Kf8 16. Nxe8 Rxe8 17. Bb5 c6 18. Rxd6 cxb5 19.
Rxh6 Re1+ 20. Kd2 Re5 21. Rh8+ Ke7 22. Ra8 a6 23. Ne2 Bg6 24. Re1 Rc5 25. Nf4+
Kd6 26. Nxg6 fxg6 27. Rd8+ Kc7 28. Ree8 Kb6 29. Rd6+ Kc7 30. Rxg6 b4 31. Re7+
Kb8 32. Rg8+ Ka7 33. Rgg7 Rb5 34. f4 b3 35. axb3 a5 36. Re5 Rb6 37. Rxa5+ Ra6
38. Rxa6+ Kxa6 39. h4 b6 40. h5 Kb5 41. h6 Kc5 42. h7 b5 43. h8=Q Kb4 44. Qf8+
Ka5 45. b4+ Ka6 46. Qa8+ Kb6 47. Rb7+ Kc6 48. Qc8+ Kd5 49. Rd7+ Ke4 50. Qe8+
Kxf4 51. Rf7+ Kg3 52. Qg8+ Kh2 53. Rh7+ Kg1 54. Qd5 Kf2 55. Rh3 Kf1 56. g4 Kf2
57. Qf3+ Kg1 58. Rh1# 1-0

[Event "Lansing (MOR/7/33)"]
[Site "?"]
[Date "1997.??.??"]
[Round "?"]
[White "NcMair, S."]
[Black "Smalec, Joseph"]
[Result "0-1"]
[WhiteElo "1605"]
[BlackElo "1605"]
[PlyCount "22"]
[EventDate "1997.??.??"]

{7/(33)} 1. e4 c5 2. Nf3 Nc6 3. d4 cxd4 4. Nxd4 Nf6 5. Nc3 g6 6. Be2 Bg7 7.
Nxc6 bxc6 8. O-O O-O 9. Re1 d5 10. e5 Ne4 11. f4 Qb6+ 0-1

[Event "Kalamazoo (MI Am/1/28)"]
[Site "?"]
[Date "1997.??.??"]
[Round "?"]
[White "Munger, T."]
[Black "Stark, Jay"]
[Result "0-1"]
[WhiteElo "1605"]
[BlackElo "1605"]
[PlyCount "88"]
[EventDate "1997.??.??"]

{1/(28)} 1. e4 c5 2. Nf3 d6 3. g3 Nf6 4. d3 e6 5. Bg2 Be7 6. O-O O-O 7. Be3
Nbd7 8. d4 Nxe4 9. Nbd2 Nef6 10. c4 cxd4 11. Nxd4 a6 12. f4 Qc7 13. f5 Ne5 14.
Qe2 Nfg4 15. h3 Nxe3 16. Qxe3 Nxc4 17. Nxc4 Qxc4 18. fxe6 Bf6 19. e7 Re8 20.
Rfd1 Rxe7 21. Qd3 Qxd3 22. Rxd3 Be5 23. g4 g6 24. Re1 Bxd4+ 25. Kf1 Rxe1+ 26.
Kxe1 Be5 27. b3 Rb8 28. Bd5 Be6 29. Be4 b6 30. g5 a5 31. h4 Rc8 32. Ke2 Rc2+
33. Kd1 Rxa2 34. Rd2 Bg4+ 35. Kc1 Bf4 36. Kb1 Rxd2 37. Bxg6 fxg6 38. b4 Kf7 39.
bxa5 bxa5 40. h5 Ke6 41. hxg6 hxg6 42. Ka1 Kd5 43. Kb1 Kc4 44. Ka1 Kb3 0-1

[Event "Kalamazoo (MI Am/5/27)"]
[Site "?"]
[Date "1997.??.??"]
[Round "?"]
[White "Munger, T."]
[Black "Smalec, Joseph"]
[Result "0-1"]
[WhiteElo "1605"]
[BlackElo "1605"]
[PlyCount "120"]
[EventDate "1997.??.??"]

{5/(27)} 1. e4 c5 2. Nf3 d6 3. g3 Nc6 4. Bg2 Bg4 5. d3 Nf6 6. Bg5 g6 7. Bxf6
exf6 8. c3 Bg7 9. Nbd2 O-O 10. h3 Be6 11. O-O Qd7 12. g4 Ne5 13. d4 cxd4 14.
Nxe5 fxe5 15. c4 Bh6 16. b3 b5 17. cxb5 Qxb5 18. Rb1 Qa5 19. Nc4 Bxc4 20. bxc4
Qxa2 21. Qb3 Qxb3 22. Rxb3 Rac8 23. Rb7 Rxc4 24. Rxa7 f5 25. Rd7 Rf6 26. h4
fxg4 27. f3 gxf3 28. Rxf3 Rc1+ 29. Kf2 Rxf3+ 30. Bxf3 Bf8 31. Ke2 h6 32. h5
gxh5 33. Bxh5 Rc3 34. Kd2 Re3 35. Bg6 h5 36. Bh7+ Kh8 37. Bg6 h4 38. Rh7+ Kg8
39. Rxh4 Kg7 40. Be8 Be7 41. Rg4+ Kf8 42. Bc6 Rf3 43. Bd5 Bf6 44. Rg8+ Ke7 45.
Rc8 Bg5+ 46. Ke2 Re3+ 47. Kd2 Rc3+ 48. Ke2 Rxc8 49. Kd3 Kf6 50. Ke2 Rc5 51. Kd3
Bh6 52. Ke2 Rxd5 53. exd5 e4 54. Ke1 Ke5 55. Ke2 Kxd5 56. Ke1 d3 57. Kd1 e3 58.
Ke1 Kc4 59. Kd1 Kc3 60. Ke1 Kc2 0-1

[Event "Kalamazoo (MI Am/3/34)"]
[Site "?"]
[Date "1997.??.??"]
[Round "?"]
[White "Munger, T."]
[Black "Draper, M."]
[Result "1-0"]
[WhiteElo "1605"]
[BlackElo "1605"]
[PlyCount "59"]
[EventDate "1997.??.??"]

{3/(34)} 1. e4 e6 2. d3 d5 3. Nf3 dxe4 4. dxe4 Qxd1+ 5. Kxd1 Nc6 6. Be3 Bd7 7.
Be2 O-O-O 8. c4 Kb8 9. Nc3 Nb4 10. a3 Ba4+ 11. Kc1 Nc2 12. Rb1 Bb3 13. Rd1
Rxd1+ 14. Bxd1 Nxe3 15. fxe3 Bxc4 16. Ne5 Ne7 17. Nxc4 Nc6 18. e5 g6 19. Bf3
Bg7 20. Bxc6 bxc6 21. Na5 f6 22. exf6 Bxf6 23. Nxc6+ Kb7 24. Nb4 Bg5 25. Kd2
Rf8 26. Re1 Rf2+ 27. Re2 Rxe2+ 28. Kxe2 Kb6 29. b3 Be7 30. Nbd5+ 1-0

[Event "Kalamazoo (MI Am/4/23)"]
[Site "?"]
[Date "1997.??.??"]
[Round "?"]
[White "Munger, Larry"]
[Black "Van Den Abell, Tom"]
[Result "1/2-1/2"]
[WhiteElo "1680"]
[BlackElo "1605"]
[PlyCount "70"]
[EventDate "1997.??.??"]

{4/(23)} 1. e4 e6 2. d3 d5 3. Nd2 c5 4. Ngf3 Nc6 5. g3 Qb6 6. Bg2 Bd6 7. O-O
Nge7 8. c3 d4 9. Nc4 Qc7 10. cxd4 cxd4 11. Bd2 e5 12. Rc1 Bd7 13. a3 O-O 14. b4
b5 15. Nxd6 Qxd6 16. Rc5 a6 17. Nh4 Rac8 18. f4 f6 19. Nf3 Bg4 20. Qb3+ Be6 21.
Qb2 Kh8 22. fxe5 fxe5 23. Ng5 Rxf1+ 24. Bxf1 Nd8 25. Nf3 Rxc5 26. bxc5 Qxc5 27.
Bb4 Qc7 28. Bxe7 Qxe7 29. Nxe5 Qg5 30. Qxd4 Nf7 31. Nxf7+ Bxf7 32. Qf2 Kg8 33.
Qf4 Qc5+ 34. Qf2 Qxa3 35. Qb6 g6 1/2-1/2

[Event "Kalamazoo (MI Am/2/1)"]
[Site "?"]
[Date "1997.??.??"]
[Round "?"]
[White "Munger, Larry"]
[Black "Hater, David"]
[Result "0-1"]
[WhiteElo "1680"]
[BlackElo "1970"]
[PlyCount "132"]
[EventDate "1997.??.??"]

{2/(1)} 1. e4 e5 2. Nf3 Nc6 3. d3 Nf6 4. g3 Bc5 5. Bg2 d6 6. c3 Bg4 7. Nbd2 Qd7
8. b4 Bb6 9. Nc4 Bh3 10. Bxh3 Qxh3 11. Ng5 Qg2 12. Rf1 Qxh2 13. Nxb6 axb6 14.
Qb3 O-O 15. Qc2 Qh5 16. Qe2 Qxe2+ 17. Kxe2 h6 18. Nf3 Ra4 19. Bb2 Rfa8 20. a3
Na7 21. Ra2 Nb5 22. Rfa1 c5 23. c4 cxb4 24. cxb5 b3 25. Bc3 bxa2 26. Bb4 Ne8
27. Ne1 Kf8 28. Nc2 Ke7 29. Ne3 Rxb4 30. Nd5+ Kd8 31. Nxb4 Rxa3 32. Rxa2 Rxa2+
33. Nxa2 Nc7 34. Nc3 Kd7 35. Ke3 Ke6 36. d4 d5 37. dxe5 Kxe5 38. f4+ Kd6 39.
Kd4 Ne6+ 40. Ke3 d4+ 41. Kd3 dxc3 42. Kxc3 Kc5 43. f5 Nc7 44. g4 Nxb5+ 45. Kd3
Nc7 46. Kc3 b5 47. Kd3 b6 48. Ke3 Kc4 49. Kd2 Kd4 50. e5 Kxe5 51. Kd3 Kf4 52.
Kc3 Na6 53. f6 gxf6 54. Kb3 Kxg4 55. Kc3 h5 56. Kb3 h4 57. Kb2 h3 58. Kb3 h2
59. Kb2 h1=Q 60. Kb3 f5 61. Kb2 f4 62. Kb3 f3 63. Kb2 f2 64. Kb3 f1=Q 65. Kb2
f5 66. Kb3 f4 {[Remainder deservedly illegible]} 0-1

[Event "Lansing (MOR/5/33)"]
[Site "?"]
[Date "1997.??.??"]
[Round "?"]
[White "Mudri, Mark"]
[Black "Vorhauer, Sam"]
[Result "1-0"]
[WhiteElo "1605"]
[BlackElo "1605"]
[PlyCount "133"]
[EventDate "1997.??.??"]

{5/(33)} 1. d4 d5 2. Nf3 Nf6 3. Bf4 e6 4. h3 Bd6 5. Bxd6 Qxd6 6. e3 Nbd7 7.
Nbd2 c6 8. Bd3 a6 9. O-O O-O 10. c3 Re8 11. e4 e5 12. dxe5 Nxe5 13. Nxe5 Qxe5
14. exd5 cxd5 15. Re1 Qd6 16. Rxe8+ Nxe8 17. Qc2 Nf6 18. Re1 Be6 19. Nf3 Re8
20. Ng5 g6 21. Nxe6 Rxe6 22. Rxe6 Qxe6 23. c4 Qc6 24. cxd5 Qxd5 25. Qc3 Nh5 26.
Be2 Nf4 27. Qc8+ Kg7 28. Bf3 Qg5 29. g3 Ne6 30. Qxb7 Nd4 31. Bd5 Qf5 32. Kg2
Qf6 33. b4 Nb5 34. a4 Nc3 35. Bc4 Nd1 36. Qf3 Nb2 37. Qxf6+ Kxf6 38. Bxa6 Nxa4
39. Kf3 Ke5 40. Ke3 Nb6 41. Bb7 Nc4+ 42. Kd3 Nd6 43. Bc6 g5 44. b5 Nc8 45. Kc4
Kd6 46. Bb7 Nb6+ 47. Kb4 f6 48. Ka5 Kc5 49. Ka6 Nc4 50. Be4 h6 51. g4 Nb6 52.
Bc6 Nc4 53. Kb7 Nb6 54. Kc7 Nc4 55. f3 Ne5 56. Bd7 Nc4 57. Be6 Nb6 58. Bb3 Kxb5
59. Kd6 Kb4 60. Bd1 Kc4 61. Ke6 Nd5 62. Bb3+ Kd4 63. Bxd5 Ke3 64. Kxf6 Kf4 65.
Kg6 Kg3 66. Kxh6 Kh4 67. Be4 1-0

[Event "Lansing (MOR/6/22)"]
[Site "?"]
[Date "1997.??.??"]
[Round "?"]
[White "Mudri, Mark"]
[Black "Iyer, Krishnan"]
[Result "0-1"]
[WhiteElo "1605"]
[BlackElo "1605"]
[PlyCount "68"]
[EventDate "1997.??.??"]

{6/(22)} 1. d4 d5 2. Nf3 Nf6 3. Bf4 Bg4 4. e3 e6 5. Bd3 Bd6 6. Bxd6 Qxd6 7.
Nbd2 Nbd7 8. h3 Bf5 9. Be2 O-O 10. O-O e5 11. Nxe5 Nxe5 12. dxe5 Qxe5 13. c3 c5
14. Bf3 Rad8 15. Qe2 c4 16. e4 Rfe8 17. Rfe1 dxe4 18. Nxc4 Qb5 19. Bg4 Nxg4 20.
hxg4 Bxg4 21. Qxg4 Qxc4 22. Re3 g6 23. b3 Qc6 24. Rae1 Rd3 25. Rxd3 exd3 26.
Rxe8+ Qxe8 27. Qd4 Qe1+ 28. Kh2 Qe2 29. Qd8+ Kg7 30. Qd4+ f6 31. Qd7+ Kh6 32.
Qh3+ Qh5 33. Kg1 Qxh3 34. gxh3 d2 0-1

[Event "Lansing (MOR/2/47)"]
[Site "?"]
[Date "1997.??.??"]
[Round "?"]
[White "Mudri, Mark"]
[Black "Evans Sr., Thomas"]
[Result "1-0"]
[WhiteElo "1605"]
[BlackElo "1605"]
[PlyCount "105"]
[EventDate "1997.??.??"]

{2/(47)} 1. d4 e6 2. Nf3 d5 3. Bf4 Nf6 4. Nbd2 Be7 5. h3 O-O 6. e3 c5 7. c3 Nc6
8. Bd3 c4 9. Bc2 Bd6 10. Bxd6 Qxd6 11. O-O e5 12. Nxe5 Nxe5 13. dxe5 Qxe5 14.
Nf3 Qd6 15. Rb1 Ne4 16. Bxe4 Be6 17. Qd2 Rad8 18. Bc2 f5 19. b3 cxb3 20. Bxb3
Rf6 21. Nd4 Bd7 22. Qd3 f4 23. Rfe1 f3 24. Bc2 Rg6 25. Nxf3 Bxh3 26. Nh4 Rg4
27. Qxh7+ Kf7 28. Rxb7+ Rd7 29. Rxd7+ Qxd7 30. Bf5 Rxg2+ 31. Nxg2 Bxf5 32. Qh5+
Bg6 33. Qf3+ Bf5 34. Nh4 g6 35. Nxf5 gxf5 36. Rd1 Ke6 37. c4 Qg7+ 38. Kf1 dxc4
39. Qd5+ Kf6 40. Qd4+ Kg6 41. Qxg7+ Kxg7 42. Rc1 Kf6 43. Rxc4 Kg5 44. Kg2 a5
45. Kf3 Kf6 46. Kf4 Kg6 47. Rc5 Kh5 48. Rxf5+ Kh4 49. Rg5 a4 50. e4 a3 51. e5
Kh3 52. e6 Kh4 53. e7 1-0

[Event "Kalamazoo (MI Am/2/27)"]
[Site "?"]
[Date "1997.??.??"]
[Round "?"]
[White "Moulter, Art"]
[Black "Van Den Abell, Tom"]
[Result "1-0"]
[WhiteElo "1605"]
[BlackElo "1605"]
[PlyCount "55"]
[EventDate "1997.??.??"]

{2/(27)} 1. Nf3 e6 2. d4 d5 3. Bf4 Nd7 4. c3 c5 5. e3 Ngf6 6. Be2 Be7 7. Nbd2
O-O 8. Qc2 b6 9. h4 Ng4 10. Ng5 Ndf6 11. Bxg4 h6 12. Bf3 Bb7 13. Be5 g6 14.
Nxe6 Qd7 15. Nxf8 Kxf8 16. Bxf6 Bxf6 17. h5 Kg7 18. hxg6 fxg6 19. O-O-O a5 20.
Rh2 a4 21. a3 c4 22. Rdh1 Rh8 23. Be2 b5 24. Rh3 Qf7 25. Rg3 g5 26. Bh5 Qe7 27.
Qg6+ Kf8 28. Rf3 1-0

[Event "Lansing (MOR/4/44)"]
[Site "?"]
[Date "1997.??.??"]
[Round "?"]
[White "Moulter, Art"]
[Black "Spindleman, Brian"]
[Result "0-1"]
[WhiteElo "1605"]
[BlackElo "1605"]
[PlyCount "78"]
[EventDate "1997.??.??"]

{4/(44)} 1. Nf3 Nf6 2. d4 g6 3. Bf4 Bg7 4. c3 d6 5. e3 O-O 6. Bd3 Nbd7 7. Nbd2
c5 8. Qc2 Qc7 9. h3 a6 10. g4 Nd5 11. Bg3 e5 12. dxe5 Nxe5 13. Nxe5 Bxe5 14.
Bxe5 dxe5 15. Ne4 f5 16. Ng3 fxg4 17. hxg4 Bxg4 18. Bc4 Be6 19. e4 Nf4 20.
Bxe6+ Nxe6 21. O-O-O Rf3 22. Rd3 Rxd3 23. Qxd3 Rd8 24. Qc4 Qd6 25. Qe2 Qd3 26.
Rd1 Qxd1+ 27. Qxd1 Rxd1+ 28. Kxd1 h5 29. Ke1 Nf4 30. Kd1 h4 31. Nf1 h3 32. b4
cxb4 33. cxb4 b5 34. Ng3 h2 35. Ke1 Nh5 36. Kf1 Nxg3+ 37. Kg2 h1=Q+ 38. Kxg3
Qxe4 39. a3 Qd3+ 0-1

[Event "Kalamazoo (MI Am/5/14)"]
[Site "?"]
[Date "1997.??.??"]
[Round "?"]
[White "Moulter, Art"]
[Black "Holt, David"]
[Result "0-1"]
[WhiteElo "1605"]
[BlackElo "1650"]
[PlyCount "54"]
[EventDate "1997.??.??"]

{5/(14)} 1. Nf3 Nf6 2. d4 g6 3. Bf4 d6 4. c3 Bg7 5. e3 d5 6. Bd3 Bg4 7. Nbd2
O-O 8. h3 Bxf3 9. Nxf3 Nc6 10. b4 Nh5 11. g4 Nxf4 12. exf4 Qd7 13. Ne5 Nxe5 14.
fxe5 c5 15. Qe2 cxd4 16. cxd4 Qa4 17. Qe3 Qxb4+ 18. Qd2 Qxd4 19. O-O-O Bxe5 20.
Be2 Bf4 21. Qxf4 Qxf4+ 22. Kb1 Qxf2 23. Bb5 Rac8 24. Rc1 Rxc1+ 25. Kxc1 Rc8+
26. Kb1 Qc2+ 27. Ka1 Qc1+ 0-1

[Event "Lansing (MOR/2/41)"]
[Site "?"]
[Date "1997.??.??"]
[Round "?"]
[White "Moulter, Art"]
[Black "Grima, Jason"]
[Result "1-0"]
[WhiteElo "1605"]
[BlackElo "1605"]
[PlyCount "43"]
[EventDate "1997.??.??"]

{2/(41)} 1. Nf3 Nf6 2. d4 d5 3. Bf4 Bg4 4. e3 e6 5. c3 h6 6. h3 Bxf3 7. Qxf3 g5
8. Be5 Nbd7 9. Bb5 c6 10. Bd3 Bg7 11. Bd6 Qb6 12. Ba3 e5 13. dxe5 Nxe5 14. Qe2
c5 15. Nd2 c4 16. Bf5 Rd8 17. Nf3 Nxf3+ 18. Qxf3 Qa5 19. O-O Bf8 20. Bxf8 Rxf8
21. Qg3 Ne4 22. Qe5# 1-0

[Event "Kalamazoo (MI Am/3/27)"]
[Site "?"]
[Date "1997.??.??"]
[Round "?"]
[White "Moulter, Art"]
[Black "Biondo, S."]
[Result "1-0"]
[WhiteElo "1605"]
[BlackElo "1605"]
[PlyCount "39"]
[EventDate "1997.??.??"]

{3/(27)} 1. Nf3 Nc6 2. d4 d5 3. Bf4 Nf6 4. c3 Bf5 5. e3 Bxb1 6. Rxb1 e6 7. Bb5
a6 8. Bd3 Ng4 9. h3 Nf6 10. Qc2 b5 11. b4 a5 12. Bxb5 Qd7 13. Qa4 Rb8 14. Bxc6
Qxc6 15. Qxc6+ Nd7 16. Ne5 Rd8 17. bxa5 Ke7 18. Qxc7 Rg8 19. Nc6+ Ke8 20. Qxd8#
1-0

[Event "Lansing (MOR/3/8)"]
[Site "?"]
[Date "1997.??.??"]
[Round "?"]
[White "Morian, William"]
[Black "Treacy, Joe"]
[Result "0-1"]
[WhiteElo "1605"]
[BlackElo "1650"]
[PlyCount "62"]
[EventDate "1997.??.??"]

{3/(8)} 1. e4 c5 2. Nf3 d6 3. d4 cxd4 4. Qxd4 Nc6 5. Bb5 Bd7 6. Bxc6 Bxc6 7.
Nc3 Nf6 8. Bg5 e6 9. O-O-O Be7 10. Rhe1 O-O 11. Bxf6 Bxf6 12. Qxd6 Qb6 13. Qd2
Rac8 14. e5 Be7 15. Qe2 Rfd8 16. Rxd8+ Rxd8 17. Rd1 Rxd1+ 18. Nxd1 h6 19. Ne3
Qa5 20. Kb1 Bxf3 21. gxf3 Qxe5 22. h3 Qh2 23. Qf1 Qe5 24. Ng4 Qd4 25. Qe2 Qd5
26. Qd3 Qxd3 27. cxd3 Bh4 28. Ne5 Bxf2 29. Nd7 f6 30. Kc2 Kf7 31. Kc3 Ke7 0-1

[Event "Lansing (MOR/5/14)"]
[Site "?"]
[Date "1997.??.??"]
[Round "?"]
[White "Morian, William"]
[Black "Nicolli, Randy"]
[Result "0-1"]
[WhiteElo "1605"]
[BlackElo "1785"]
[PlyCount "44"]
[EventDate "1997.??.??"]

{5/(14)} 1. e4 e5 2. Nf3 f5 3. Nxe5 Qf6 4. Nf3 fxe4 5. Qe2 d5 6. Nc3 Be6 7.
Qb5+ Nd7 8. Qxb7 Rb8 9. Qxc7 exf3 10. Bb5 Rd8 11. O-O fxg2 12. Re1 Be7 13. Qxa7
Nh6 14. Bxd7+ Rxd7 15. Qa8+ Rd8 16. Qc6+ Kf7 17. Qa6 Ng4 18. Qe2 Bc5 19. d4
Bxd4 20. Be3 Be5 21. f4 Nxe3 22. Qxe3 Bd4 0-1

[Event "Lansing (MOR/1b/17)"]
[Site "?"]
[Date "1997.??.??"]
[Round "?"]
[White "Morian, William"]
[Black "Jackson, T."]
[Result "1-0"]
[WhiteElo "1605"]
[BlackElo "1605"]
[PlyCount "67"]
[EventDate "1997.??.??"]

1. e4 e6 2. d4 d5 3. exd5 exd5 4. Nf3 Nf6 5. Bd3 Bg4 6. O-O Be7 7. h3 Bh5 8.
Re1 Nc6 9. c3 O-O 10. Bf4 Bd6 11. Bxd6 Qxd6 12. Nbd2 Rae8 13. Qc2 Bg6 14. Bxg6
fxg6 15. Qd3 Re7 16. Rxe7 Nxe7 17. Re1 Nf5 18. Ne5 Qa6 19. Qxa6 bxa6 20. Nc6
Nd6 21. f3 Nb5 22. a4 Nd6 23. Nxa7 Rb8 24. b4 Kf7 25. Nc6 Re8 26. Rxe8 Kxe8 27.
Nb8 Nd7 28. Nxa6 Kd8 29. Nc5 Nxc5 30. dxc5 Nc4 31. Nxc4 dxc4 32. c6 Kc8 33. Kf2
h5 34. Ke3 1-0

[Event "Lansing (MI Op/6/14)"]
[Site "?"]
[Date "1997.??.??"]
[Round "?"]
[White "Morabito, Matthew"]
[Black "Moody, David"]
[Result "0-1"]
[WhiteElo "1920"]
[BlackElo "1990"]
[PlyCount "100"]
[EventDate "1997.??.??"]

{6/(14)} 1. e4 e5 2. Nf3 Nc6 3. Bb5 a6 4. Bxc6 dxc6 5. d4 exd4 6. Qxd4 Qxd4 7.
Nxd4 Bd7 8. Be3 O-O-O 9. Nd2 Ne7 10. O-O Ng6 11. f4 f6 12. c3 Bd6 13. N4b3 Rhe8
14. c4 c5 15. Nxc5 Bxc5 16. Bxc5 Bc6 17. Bb4 Bxe4 18. Bc3 Bc6 19. g3 Re2 20.
Rf2 Rde8 21. Raf1 h5 22. Nf3 Bxf3 23. Rxf3 R8e4 24. Rd1 Rxc4 25. Rfd3 b5 26.
Rd8+ Kb7 27. a3 h4 28. Rg8 hxg3 29. hxg3 Ne7 30. Rxg7 Nf5 31. Rg6 Ne3 32. Rd2
Rxd2 33. Bxd2 Nd5 34. Kf2 Rc2 35. Ke2 Rxb2 36. Kd3 Rb3+ 37. Kd4 Kc6 38. Bb4
Nxb4 39. Rxf6+ Kb7 40. axb4 Rxb4+ 41. Ke5 a5 42. g4 a4 43. Rh6 a3 44. Rh1 a2
45. Ra1 Rb2 46. f5 b4 47. f6 b3 48. g5 Rf2 49. g6 b2 50. Rxa2 b1=Q 0-1

[Event "Lansing (MI Op/2/29)"]
[Site "?"]
[Date "1997.??.??"]
[Round "?"]
[White "Morabito, Matthew"]
[Black "Dumas, Steve"]
[Result "1-0"]
[WhiteElo "1925"]
[BlackElo "1605"]
[PlyCount "56"]
[EventDate "1997.??.??"]

{2/(29)} 1. e4 e5 2. Nf3 Nc6 3. Bb5 a6 4. Bxc6 dxc6 5. d4 g6 6. O-O Bg7 7. dxe5
Qe7 8. Bg5 f6 9. exf6 Bxf6 10. Bxf6 Nxf6 11. Nc3 Bd7 12. h3 O-O-O 13. Qe2 Rdg8
14. Rad1 Nh5 15. Qe3 Kb8 16. Rd3 g5 17. Rfd1 Bc8 18. Ne2 g4 19. hxg4 Rxg4 20.
Nd2 Rhg8 21. g3 Qh4 22. Qf3 Nf4 23. Nxf4 Rxf4 24. Qe3 Qg4 25. Nf1 Qh4 26. Rd8
Rgg4 27. Rxc8+ Kxc8 28. Qa7 Rxg3+ 1-0

[Event "Lansing (MI Op/4/21)"]
[Site "?"]
[Date "1997.??.??"]
[Round "?"]
[White "Morabito, Matthew"]
[Black "Burch, Daniel"]
[Result "1-0"]
[WhiteElo "1925"]
[BlackElo "1680"]
[PlyCount "129"]
[EventDate "1997.??.??"]

{4/(21)} 1. e4 e5 2. Nf3 d6 3. d4 exd4 4. Nxd4 Nf6 5. Nc3 Be7 6. Bc4 Bd7 7. O-O
Nc6 8. f3 O-O 9. Be3 Na5 10. Bd3 Nc6 11. Qd2 Ne5 12. Be2 Re8 13. Nd5 Nxd5 14.
exd5 Ng6 15. Bd3 Bf6 16. c4 a6 17. Rae1 Ne5 18. b3 a5 19. Bc2 a4 20. Re2 axb3
21. axb3 Ra3 22. Rfe1 Qa8 23. Bg5 Bxg5 24. Qxg5 Ra1 25. Qh4 Rxe1+ 26. Qxe1 Qa7
27. Qd1 Nxf3+ 28. gxf3 Rxe2 29. Qxe2 Qxd4+ 30. Kg2 Qh4 31. Kf1 Kf8 32. Be4 Qf6
33. Ke1 Bh3 34. Kd1 Qe5 35. Qa2 Qd4+ 36. Ke2 f5 37. Qa8+ Ke7 38. Bc2 f4 39.
Qxb7 Qe3+ 40. Kd1 Qxf3+ 41. Kc1 Qe3+ 42. Kb2 Qc5 43. Bd3 f3 44. Qb8 f2 45. Qg8
Qd4+ 46. Kc2 Qxd3+ 47. Kxd3 f1=Q+ 48. Kc3 Qe1+ 49. Kb2 Qf2+ 50. Ka3 Qa7+ 51.
Kb4 Qc5+ 52. Kc3 Qe3+ 53. Kb4 Qh6 54. Kb5 Bd7+ 55. Ka6 g5 56. Kb7 Qg6 57. Qxg6
hxg6 58. Kxc7 Bf5 59. b4 Bd3 60. c5 dxc5 61. d6+ Ke6 62. bxc5 Bb5 63. c6 Kd5
64. d7 Bxc6 65. d8=Q+ 1-0